| 000 | 00396nam a2200157Ia 4500 | ||
|---|---|---|---|
| 008 | 230917s9999||||xx |||||||||||||| ||und|| | ||
| 040 |
_e115143 _aMAIN |
||
| 041 | _aEnglish | ||
| 082 | _a660.602458 C34I(2) | ||
| 100 | _aChawla, H S | ||
| 245 | 0 | _aIntroduction to Plant Biotechnology | |
| 250 | _a2nd ed. | ||
| 260 |
_aNew Delhi _bOxford & IBH _c2007 |
||
| 300 | _axxiv, 538 p. | ||
| 942 | _cBK | ||
| 999 |
_c141525 _d141525 |
||